000 00469nam a22001457a 4500
005 20251017121647.0
008 251017b |||||||| |||| 00| 0 eng d
040 _cPK-LaUMT
082 _a956.94
_bMOH-P
100 _aMohsen Mohammed Saleh
_97640
245 _aThe Palestinain issue its background and development up to 2000 /
_cby Mohsen Mohammed Saleh ; translated by Hassan A. Ibrahim
260 _aMalaysia :
_bFajar Ulung,
_c2001
300 _a119 p
942 _cBK
999 _c138963
_d138963